Bệnh Badơđô ( basedow ) với phẫu thuật

Gespeichert in:
Bibliographische Detailangaben
1. Verfasser: Nguyễn Khánh Dư
Format: Buch
Sprache:Undetermined
Veröffentlicht: Hà Nội Y học 1978
Schlagworte:
Tags: Tag hinzufügen
Keine Tags, Fügen Sie den ersten Tag hinzu!
Thư viện lưu trữ: Trung tâm Học liệu Trường Đại học Cần Thơ
LEADER 00493nam a2200169Ia 4500
001 CTU_16314
008 210402s9999 xx 000 0 und d
082 |a 616.443 
082 |b D550b 
100 |a Nguyễn Khánh Dư 
245 0 |a Bệnh Badơđô ( basedow ) với phẫu thuật 
245 0 |c Nguyễn Khánh Dư 
260 |a Hà Nội 
260 |b Y học 
260 |c 1978 
650 |a basedow disease 
980 |a Trung tâm Học liệu Trường Đại học Cần Thơ